The Oxford guide to international humanitarian law / (Record no. 4366)

000 -LEADER
fixed length control field 02967cam a2200349 i 4500
001 - CONTROL NUMBER
control field 21292954
003 - CONTROL NUMBER IDENTIFIER
control field OSt
005 - DATE AND TIME OF LATEST TRANSACTION
control field 20241111110456.0
008 - FIXED-LENGTH DATA ELEMENTS--GENERAL INFORMATION
fixed length control field 191107s2020 enk b 001 0 eng c
010 ## - LIBRARY OF CONGRESS CONTROL NUMBER
LC control number 2019954554
015 ## - NATIONAL BIBLIOGRAPHY NUMBER
National bibliography number GBC045461
Source bnb
016 7# - NATIONAL BIBLIOGRAPHIC AGENCY CONTROL NUMBER
Record control number 019756134
Source Uk
020 ## - INTERNATIONAL STANDARD BOOK NUMBER
International Standard Book Number 9780198855316
Qualifying information (paperback)
035 ## - SYSTEM CONTROL NUMBER
System control number (OCoLC)on1137855229
040 ## - CATALOGING SOURCE
Original cataloging agency YDX
Language of cataloging eng
Transcribing agency YDX
Description conventions rda
Modifying agency BDX
-- OCLCQ
-- UKMGB
-- OCLCO
-- OCLCF
-- OCLCQ
-- YDXIT
-- OCLCO
-- YDXIT
-- OCL
-- GWL
-- CHVBK
-- OCLCO
-- DLC
042 ## - AUTHENTICATION CODE
Authentication code pcc
050 00 - LIBRARY OF CONGRESS CALL NUMBER
Classification number KZ6471.O94 2020
245 04 - TITLE STATEMENT
Title The Oxford guide to international humanitarian law /
Statement of responsibility, etc edited by Ben Saul and Dapo Akande.
260 ## - PUBLICATION, DISTRIBUTION, ETC. (IMPRINT)
Place of publication, distribution, etc London
Name of publisher, distributor, etc Oxford University Press
Date of publication, distribution, etc 2020
300 ## - PHYSICAL DESCRIPTION
Extent xxxvi, 443 pages ;
Dimensions 25 cm
504 ## - BIBLIOGRAPHY, ETC. NOTE
Bibliography, etc Includes bibliographical references and index.
505 00 - FORMATTED CONTENTS NOTE
Title History and Sources /
Statement of responsibility Jean-Marie Henckaerts --
Title Classification of Armed Conflicts /
Statement of responsibility Dapo Akande --
Title Temporal and Geographic Reach of International Humanitarian Law /
Statement of responsibility Emily Crawford --
Title Domains of Warfare /
Statement of responsibility Sarah McCosker --
Title Persons Covered by International Humanitarian Law : Main Categories /
Statement of responsibility Lawrence Hill-Cawthorne --
Title Fundamental Guarantees /
Statement of responsibility Robert McLaughlin --
Title International Humanitarian Law and the Conduct of Hostilities /
Statement of responsibility Michael N. Schmitt --
Title Specifically Protected Persons and Objects /
Statement of responsibility Robin Geiss and Christophe Paulussen --
Title Protection of the Natural Environment /
Statement of responsibility Cymie R. Payne --
Title Methods of Warfare /
Statement of responsibility Gloria Gaggioli and Nils Melzer --
Title Weapons /
Statement of responsibility Stuart Casey-Maslen --
Title Detention in Armed Conflict /
Statement of responsibility Jelena Pejic --
Title Occupation /
Statement of responsibility Sylvain Vite --
Title Humanitarian Relief Operations /
Statement of responsibility Eve Massingham and Kelisiana Thynne --
Title War Crimes /
Statement of responsibility Robert Cryer --
Title Implementation of International Humanitarian Law /
Statement of responsibility David Turns --
Title International Humanitarian Law and International Human Rights Law /
Statement of responsibility Marco Sassoli --
Title Terrorism, Counter-Terrorism, and International Humanitarian Law /
Statement of responsibility Ben Saul.
520 ## - SUMMARY, ETC.
Summary, etc "This [book] is intended as a practical yet sophisticated overview of the subject for professionals who are not necessarily IHL experts, but who work in field where IHL may be relevant ... It is intended to be more detailed and nuanced, and less descriptive, than some of the many introductory surveys or student textbooks on IHL which have proliferated in recent years, precisely as a result of the burgeoning interest in the practice of IHL in many conflicts and countries"--Page v.
650 #0 - SUBJECT ADDED ENTRY--TOPICAL TERM
Topical term or geographic name as entry element Humanitarian law.
650 #0 - SUBJECT ADDED ENTRY--TOPICAL TERM
Topical term or geographic name as entry element War (International law)
700 1# - ADDED ENTRY--PERSONAL NAME
Personal name Saul, Ben,
Relator term editor.
700 1# - ADDED ENTRY--PERSONAL NAME
Personal name Akande, Dapo,
Relator term editor.
776 08 - ADDITIONAL PHYSICAL FORM ENTRY
Display text Electronic version:
Title Oxford guide to international humanitarian law.
Edition First edition.
Place, publisher, and date of publication Oxford, United Kingdom ; New York, NY : Oxford University Press, 2020
International Standard Book Number 9780192597489
Record control number (OCoLC)1153294179
906 ## - LOCAL DATA ELEMENT F, LDF (RLIN)
a 7
b cbc
c pccadap
d 2
e ncip
f 20
g y-gencatlg
942 ## - ADDED ENTRY ELEMENTS (KOHA)
Source of classification or shelving scheme
Koha item type Book
Holdings
Withdrawn status Lost status Source of classification or shelving scheme Damaged status Not for loan Home library Current library Shelving location Date acquired Total Checkouts Full call number Barcode Date last seen Date checked out Copy number Price effective from Koha item type
          Riara University Library Riara University Library General stack 08/11/2024 1 KZ6471.O94 2020 10704/24 17/12/2025 04/12/2025 C.1 11/11/2024 Book
          Riara University Library Riara University Library General stack 08/11/2024   KZ6471.O94 2020 10705/24 11/11/2024   C.2 11/11/2024 Book

Riara University Library,
P.O. Box 49940-00100,
Nairobi, Kenya.